| 000 | 00902cab a2200277 4500 | ||
|---|---|---|---|
| 001 | ABS46874 | ||
| 008 | 090401t1992 xxu||||| |||| 00| 0 eng d | ||
| 035 | _a(Sirsi) u59886 | ||
| 041 | _aeng | ||
| 100 | _aLarsen, H.J. | ||
| 245 | 3 | _aAn introduction to Eurocode 5 | |
| 260 | _c1992 | ||
| 350 | _a0 | ||
| 490 |
_aConstruction & Building Materials _v6(3) 1992, 145-151(7) |
||
| 520 | _aProvides background notes about Eurocodes, which ultimately will replace national standards, and examines in detail one of the nine codes, namely Eurocode 5: design of timber structures. | ||
| 650 | _aCEN | ||
| 650 | _aEUROCODE 5 | ||
| 650 | _aEUROCODES | ||
| 650 | _aEUROPEAN COMMITTEE FOR STANDARDIZATION | ||
| 650 | _aEUROPEAN STANDARDS | ||
| 650 | _aTIMBER STRUCTURES | ||
| 690 | _aBUILT ENVIRONMENT-BUILDING MATERIALS | ||
| 690 | _aEUROPE-SINGLE MARKET | ||
| 942 | _n0 | ||
| 948 | _c04/03/1997 | ||
| 999 |
_c36837 _d36837 |
||